Statistics for A Level Biology - Neuronal Communication

Click here to take the quiz!

General Stats

  • This quiz has been taken 64 times
  • The average score is 4 of 14

Answer Stats

DefinitionKeyword% Correct
A chemical used as a signalling molecule between two neurones in a synapseNeurotransmitter
85%
Neurones that carry an action potential from the CNS to the effectorMotor neurone
53%
A brief reversal of the potential across the membrane of a neurone causing a peak of +40mV compared to the resting potential of -60mVAction potential
42%
The potential difference across the membrane while the neurone is at restResting potential
40%
Neurones that carry an action potential from the sensory receptor to the CNSSensory neurones
33%
A mechanism that increases a change taking the system further away from the optimumPositive feedback
27%
Join sensory neurones to motor neurones Relay neurones
24%
A synapse that uses acetylcholine as its neurotransmitterCholinergic synapse
18%
Occurs when the effects of several excitatory post-synaptic potentials are added togetherSummation
18%
A pressure sensor found in the skinPacinian corpuscle
13%
A cell that converts one form of energy into another - in this case to an electrical impulseTransducer
13%
Cells/sensory nerve endings that respond to to a stimulus in the internal or external environment of an organism and can create action potentials Sensory receptors
9%
Has an individual layer of myelin around itMyelinated neurone
7%
Has no individual layer of myelinNon-myelinated neurone
5%

Score Distribution

Percentile by Number Answered

Percent of People with Each Score

Your Score History

You have not taken this quiz